书目信息 |
| 题名: |
建筑结构有限元分析及ANSYS范例详解
|
|
| 作者: | 石少卿 编著 | |
| 分册: | ||
| 出版信息: | 北京 中国建筑工业出版社 2008.02 |
|
| 页数: | 258页 | |
| 开本: | 26cm | |
| 丛书名: | ||
| 单 册: | ||
| 中图分类: | TU311.41 | |
| 科图分类: | ||
| 主题词: | 建筑结构--jian zhu jie gou--有限元分析--应用软件 | |
| 电子资源: | ||
| ISBN: | 978-7-112-10214-3 | |
| 000 | 00965nam0 2200229 450 | |
| 001 | 0100000650 | |
| 005 | 20240408164703.20 | |
| 010 | @a978-7-112-10214-3@dCNY39.00 | |
| 100 | @a20090303d2008 em y0chiy50 ea | |
| 101 | 0 | @achi |
| 102 | @aCN@b110000 | |
| 105 | @aak a 000yy | |
| 200 | 1 | @a建筑结构有限元分析及ANSYS范例详解@Ajian zhu jie gou you xian yuan fen xi ji ANSYS fan li xiang jie@f石少卿 ... [等] 编著 |
| 210 | @a北京@c中国建筑工业出版社@d2008.02 | |
| 215 | @a258页@c图@d26cm | |
| 320 | @a有书目 | |
| 330 | @a本书介绍了建筑结构有限元法的基本理论与应用ANSYS软件进行分析求解的方法。针对连续梁、桁架、刚架、弹性力学平面问题和结构动力学问题给出了有限元理论分析的思路、方法,以及ANSYS数值分析实例。 | |
| 606 | 0 | @a建筑结构@Ajian zhu jie gou@x有限元分析@x应用软件 |
| 690 | @aTU311.41@v4 | |
| 701 | 0 | @a石少卿@Adan shao qing@f(1957~)@9shi shao qing@4编著 |
| 801 | 0 | @aCN@b河南城建学院图书馆@c20090301 |
| 905 | @b20803104-06@dTU311.41@eS538@fTU311.41/S538 | |
| 建筑结构有限元分析及ANSYS范例详解/石少卿 ... [等] 编著.-北京:中国建筑工业出版社,2008.02 |
| 258页:图;26cm |
| ISBN 978-7-112-10214-3:CNY39.00 |
| 本书介绍了建筑结构有限元法的基本理论与应用ANSYS软件进行分析求解的方法。针对连续梁、桁架、刚架、弹性力学平面问题和结构动力学问题给出了有限元理论分析的思路、方法,以及ANSYS数值分析实例。 |
| ● |
| 相关链接 |
|
|
|
正题名:建筑结构有限元分析及ANSYS范例详解
索取号:TU311.41/S538
 
预约/预借
| 序号 | 登录号 | 条形码 | 馆藏地/架位号 | 状态 | 备注 |
| 1 | 1232413 | 212324135 | 建筑库101/101建筑库 79排1列4层/ [索取号:TU311.41/S538] | 在馆 | |
| 2 | 1232414 | 212324144 | 建筑库101/101建筑库 79排1列4层/ [索取号:TU311.41/S538] | 在馆 | |
| 3 | 1232415 | 212324153 | 建筑库101/101建筑库 79排1列4层/ [索取号:TU311.41/S538] | 在馆 | |
| 4 | 1550968 | 215509689 | 建筑库101/101建筑库 79排1列4层/ [索取号:TU311.41/S538] | 在馆 | |
| 5 | 1550969 | 215509698 | 建筑库101/101建筑库 79排1列4层/ [索取号:TU311.41/S538] | 在馆 | |
| 6 | 1550970 | 215509705 | 建筑库101/101建筑库 79排1列4层/ [索取号:TU311.41/S538] | 在馆 | |
| 7 | 803104 | 208031048 | 建筑库101/101建筑库 79排1列4层/ [索取号:TU311.41/S538] | 在馆 | |
| 8 | 803105 | 208031057 | 建筑库101/101建筑库 79排1列4层/ [索取号:TU311.41/S538] | 在馆 | |
| 9 | 803106 | 208031066 | 建筑库101/101建筑库 79排1列4层/ [索取号:TU311.41/S538] | 在馆 |